Municipis de la Catalunya Central - Statistics

General Stats
  • This quiz has been taken 50 times
  • The average score is 74 of 148
Answers on the Map
Answers color-coded by a green-red scale on the quiz's map according to % correct below.
 
Answer Stats
Answer % Correct
Manresa
100%
Moià
100%
Berga
94%
Manlleu
94%
Solsona
94%
Vic
94%
Artés
88%
Castellterçol
88%
Prats de Lluçanès
88%
Cardona
81%
Sant Fruitós de Bages
81%
Tona
81%
Torelló
81%
Viladrau
81%
Avinyó
75%
Bagà
75%
Castellcir
75%
Lluçà
75%
Sant Hipòlit de Voltregà
75%
Calaf
69%
Castellar de n'Hug
69%
Guardiola de Berguedà
69%
Gurb
69%
Monistrol de Montserrat
69%
Navàs
69%
Olost
69%
Roda de Ter
69%
Sallent
69%
Santa Maria d'Oló
69%
Sant Jaume de Frontanyà
69%
Sant Joan de Vilatorrada
69%
Santpedor
69%
Súria
69%
Vilanova de Sau
69%
Castellfollit del Boix
63%
Castellgalí
63%
Centelles
63%
Cercs
63%
Les Masies de Voltregà
63%
Navarcles
63%
Sant Martí de Centelles
63%
Sant Mateu de Bages
63%
Sant Pere de Torelló
63%
Sant Quirze Safaja
63%
Sant Vicenç de Castellet
63%
Sant Vicenç de Torelló
63%
Talamanca
63%
Torà
63%
Balsareny
56%
Casserres
56%
Castellbell i el Vilar
56%
Castellfollit de Riubregós
56%
L'Esquirol
56%
Orís
56%
Oristà
56%
Rupit i Pruit
56%
Santa Maria de Besora
56%
Sant Boi de Lluçanès
56%
Sant Quirze de Besora
56%
Seva
56%
Aguilar de Segarra
50%
Biosca
50%
Calders
50%
Collsuspina
50%
El Brull
50%
Fígols
50%
Fonollosa
50%
Gironella
50%
La Nou de Berguedà
50%
L'Estany
50%
Marganell
50%
Monistrol de Calders
50%
Navès
50%
Odèn
50%
Pinell de Solsonès
50%
Rubió
50%
Santa Cecília de Voltregà
50%
Veciana
50%
Vidrà
50%
Espinelves
44%
Granera
44%
Les Masies de Roda
44%
Mura
44%
Pinós
44%
Puig-reig
44%
Pujalt
44%
Santa Eulàlia de Riuprimer
44%
Sant Agustí de Lluçanès
44%
Sant Feliu Sasserra
44%
Sant Martí Sesgueioles
44%
Sant Sadurní d'Osormort
44%
Sora
44%
Avià
38%
Balenyà
38%
Borredà
38%
Castellar del Riu
38%
Castellnou de Bages
38%
Gósol
38%
La Coma i la Pedra
38%
La Pobla de Lillet
38%
Malla
38%
Muntanyola
38%
Santa Eugènia de Berga
38%
Sant Bartomeu del Grau
38%
Sant Julià de Vilatorta
38%
Sant Pere Sallavinera
38%
Sant Salvador de Guardiola
38%
Taradell
38%
Alpens
31%
Calldetenes
31%
Callús
31%
Calonge de Segarra
31%
Clariana de Cardener
31%
El Pont de Vilomara i Rocafort
31%
Folgueroles
31%
Gaià
31%
Gisclareny
31%
Guixers
31%
La Molsosa
31%
Montmajor
31%
Olvan
31%
Perafita
31%
Rajadell
31%
Saldes
31%
Santa Maria de Merlès
31%
Tavertet
31%
Vilada
31%
Castellar de la Ribera
25%
Castell de l'Areny
25%
Els Prats de Rei
25%
L'Espunyola
25%
Lladurs
25%
Montesquiu
25%
Olius
25%
Riner
25%
Sant Julià de Cerdanyola
25%
Sant Martí d'Albars
25%
Sobremunt
25%
Vallcebre
25%
Viver i Serrateix
25%
Capolat
19%
Copons
19%
La Quar
19%
Montclar
19%
Sagàs
19%
Sant Llorenç de Morunys
19%
Tavèrnoles
19%
Llobera
13%
No matching quizzes found
Score Distribution
Percent of People with Each Score
Percentile by Number Answered
Your Score History
You have not taken this quiz